Ciencias de la naturaleza 8 : (Registro nro. 10056)

Detalles MARC
000 -LIDER
fixed length control field 01651nam a22003497a 4500
001 - NÚMERO DE CONTROL
Identificador de número de control 000364
003 - IDENTIFICACDOR DE NÚMERO DE CONTROL
control field DO-SdBNP
005 - DATE AND TIME OF LATEST TRANSACTION
control field 20180306140858.0
007 - CAMPOS FIJOS DE DESCRIPCIÓN FÍSICA
fixed length control field 000364
008 - ELEMENTOS DE LONGITUD FIJA
fixed length control field 160429b 2000 dr a ||||| |||| 00| 0 spa d
020 ## - ISBN
International Standard Book Number 9945444514
040 ## - FUENTE DE CATALOGACIÓN
Agencia que crea de manera original el registro BPMSU
Idioma de catalogación spa
Agencia que realiza la transcripción BPMSU
092 ## - LOCALLY ASSIGNED DEWEY DECIMAL CALL NUMBER
Número de clasificación 372.257
Número de ítem (Cutter) V335c 8vo. [20--]
100 ## - ASIENTO PRINCIPAL -- NOMBRE PERSONAL
Nombre personal Vásquez Güichardo, Julia Mery
245 10 - MENCIÓN DE TITULO
Título Ciencias de la naturaleza 8 :
Subtítulo [educación básica] /
Mención de responsabilidad Julia Mery Vásquez Güichardo , Andrea Griselda Rincón Ozuna ; ilustración Ramón L. Sandoval.
260 ## - PUBLICACIÓN, DISTRIBUCIÓN, ETC. (PIE DE IMPRENTA)
Lugar de publicación, distribución, etc Santo Domingo :
Nombre del editor, distribuidor, etc. Actualidad escolar 2000,
Fecha de publicación, distribución, etc [20--].
300 ## - DESCRIPCIÓN FÍSICA
Extensión 2v. :
Otros detalles físicos il. ;
Dimensiones 28 cm
500 ## - NOTA GENERAL
Nota general La biblioteca posee libro de texto y libro del maestro.
500 ## - NOTA GENERAL
Nota general Este libro ha sido realizado de acuerdo al currículum vigente y ha sido sometido a la evaluación y aprobación de la SEE.
505 0# - NOTA DE CONTENIDO
Información miscelánea Unidad 1
Título El trabajo de la ciencia --
Información miscelánea Unidad 2
Título Transformaciones de la materia --
Información miscelánea Unidad 3
Título La energía y sus aplicaciones --
Información miscelánea Unidad 4
Título Salud y medio ambiente --
Información miscelánea Unidad 5
Título Actividad pecuaria: Crianza de animales --
Información miscelánea Unidad 6
Título Tecnología en la vida.
650 #4 - ENCABEZAMIENTO DE MATERIA--TEMÁTICO
Término temático o nombre geográfico como elemento de entrada CIENCIAS NATURALES
Subdivisión temática general ENSEÑANZA BÁSICA
650 #4 - ENCABEZAMIENTO DE MATERIA--TEMÁTICO
Término temático o nombre geográfico como elemento de entrada CIENCIAS NATURALES
Subdivisión temática general EDUCACIÓN PRIMARIA
650 #4 - ENCABEZAMIENTO DE MATERIA--TEMÁTICO
Término temático o nombre geográfico como elemento de entrada CIENCIAS NATURALES
Subdivisión temática general LIBROS DE TEXTOS
650 ## - ENCABEZAMIENTO DE MATERIA--TEMÁTICO
Término temático o nombre geográfico como elemento de entrada CIENCIAS NATURALES
Subdivisión temática general ESTUDIOS Y EJERCICIOS
650 #4 - ENCABEZAMIENTO DE MATERIA--TEMÁTICO
Término temático o nombre geográfico como elemento de entrada EDUCACIÓN PRIMARIA
Subdivisión geográfica REPÚBLICA DOMINICANA
700 12 - ASIENTO SECUNDARIO -- NOMBRE PERSONAL
Nombre personal Rincón Ozuna, Andrea Griselda
700 12 - ASIENTO SECUNDARIO -- NOMBRE PERSONAL
Nombre personal Sandoval, Ramón L.,
Mención de responsabilidad il.
910 ## - VALIDACIÓN
Validación Validado. Control de calidad MFF
942 ## - ADDED ENTRY ELEMENTS (KOHA)
Source of classification or shelving scheme Dewey Decimal Classification
Koha item type Libros
945 ## - INFORMACIÓN DE PROCESAMIENTO LOCAL
Información de procesamiento local Remanejado para la BNPHU / 2018 VM
956 ## - LOCAL ELECTRONIC LOCATION AND ACCESS (OCLC)
Nombre de host Daysi García
Método de acceso 10
Existencias
Withdrawn status Lost status Source of classification or shelving scheme Damaged status Not for loan Collection code Home library Current library Date acquired Source of acquisition Total Checkouts Full call number Barcode Date last seen Price effective from Koha item type
    Dewey Decimal Classification     Colección Escolar Biblioteca Pública Metropolitana Salomé Ureña Biblioteca Pública Metropolitana Salomé Ureña 05/10/2016 Donación   372.257 V335c 8vo. [20--] v.1 BPMSU16050196 05/10/2016 05/10/2016 Libros
    Dewey Decimal Classification     Colección Escolar Biblioteca Pública Metropolitana Salomé Ureña Biblioteca Pública Metropolitana Salomé Ureña 05/10/2016 Donación   372.257 V335c 8vo. [20--] v.2 Libro del maestro BPMSU16050197 05/10/2016 05/10/2016 Libros